书目信息 |
| 题名: |
法眼看合同
|
|
| 作者: | 杨耀德, 著 | |
| 分册: | ||
| 出版信息: | 北京 中国建筑工业出版社 2014.06 |
|
| 页数: | 301页 | |
| 开本: | 26cm | |
| 丛书名: | ||
| 单 册: | ||
| 中图分类: | D923.64 | |
| 科图分类: | ||
| 主题词: | 建筑工程--jian zhu gong cheng--工程施工--合同法--研究--中国 | |
| 电子资源: | ||
| ISBN: | 978-7-112-16817-0 | |
| 000 | 00810nam0 2200229 450 | |
| 001 | Cal 0120141334479 | |
| 005 | 20191106091531.01 | |
| 010 | @a978-7-112-16817-0@dCNY45.00 | |
| 100 | @a20141022d2014 em y0chiy50 ea | |
| 101 | 0 | @achi |
| 102 | @aCN@b110000 | |
| 105 | @aa a 000yy | |
| 200 | 1 | @a法眼看合同@Afa yan kan he tong@f杨耀德著 |
| 210 | @a北京@c中国建筑工业出版社@d2014.06 | |
| 215 | @a301页@c图@d26cm | |
| 320 | @a有书目 (第297-299页) | |
| 330 | @a本书内容共十章, 包括施工合同概述 ; 施工企业的合同管理 ; 施工企业合同签订前的全同管理 ; 签订施工合同的过程管理 ; 施工合同履行中的管理等。 | |
| 606 | 0 | @a建筑工程@Ajian zhu gong cheng@x工程施工@x合同法@x研究@y中国 |
| 690 | @aD923.64@v5 | |
| 701 | 0 | @a杨耀德,@Ayang yao de@f1962-@4著 |
| 801 | 0 | @aCN@c20141022 |
| 905 | @a241430@dD923.64@eY310@f3 | |
| 法眼看合同/杨耀德著.-北京:中国建筑工业出版社,2014.06 |
| 301页:图;26cm |
| ISBN 978-7-112-16817-0:CNY45.00 |
| 本书内容共十章, 包括施工合同概述 ; 施工企业的合同管理 ; 施工企业合同签订前的全同管理 ; 签订施工合同的过程管理 ; 施工合同履行中的管理等。 |
| ● |
| 相关链接 |
|
|
|
正题名:法眼看合同
索取号:D923.64/Y310
 
预约/预借
| 序号 | 登录号 | 条形码 | 馆藏地/架位号 | 状态 | 备注 |
| 1 | 1126895 | 211268956 | 社科库509/509社科库 94排1列6层/ [索取号:D923.64/Y310] | 在馆 | |
| 2 | 1126896 | 211268965 | 社科库509/509社科库 94排1列6层/ [索取号:D923.64/Y310] | 在馆 | |
| 3 | 1126897 | 211268974 | 社科库509/509社科库 94排1列6层/ [索取号:D923.64/Y310] | 在馆 | |
| 4 | 1306563 | 213065635 | 社科库509/509社科库 94排2列1层/ [索取号:D923.64/Y310] | 在馆 | |
| 5 | 1306564 | 213065644 | 社科库509/509社科库 94排2列1层/ [索取号:D923.64/Y310] | 在馆 | |
| 6 | 1306565 | 213065653 | 社科库509/509社科库 94排2列1层/ [索取号:D923.64/Y310] | 在馆 | |
| 7 | 1306566 | 213065662 | 社科库509/509社科库 94排2列1层/ [索取号:D923.64/Y310] | 在馆 | |
| 8 | 1306567 | 213065671 | 社科库509/509社科库 94排2列1层/ [索取号:D923.64/Y310] | 在馆 |